Największe miasta kanady - Statystyki

Ogólne statystyki
  • Ten quiz został rozwiązany 128 razy
  • Średni wynik to 6 z 10
Statystyki odpowiedzi
Ludność Miasto % Poprawnych
2,73 mln Toronto
97%
934 tys. Ottawa
94%
1,7 mln Montreal
87%
631 tys. Vancouver
85%
932 tys. Edmonton
68%
1,23 mln Calgary
65%
705 tys. Winnipeg
52%
536 tys. Hamilton
22%
721 tys. Mississauga
14%
593 tys. Brampton
3%
Nie znaleziono quizów pasujących do podanych kryteriów
Rozkład punktacji
Procent ludzi z każdym wynikiem
Percentyl według liczby udzielonych odpowiedzi
Twoja historia wyników
Nie rozwiązałeś tego quizu